000 00897aab a2200217 4500
001 768714001
003 CO-MdFUSB
005 20240530165642.0
008 170509s1993 cr ||||| |||| 00| 0 spa d
022 _a1409-1968
040 _aCO-MdFUSB
_bspa
_cCO-MdFUSB
_dCO-MdFUSB
041 _aspa
100 1 _aRamírez, Eduardo M.
_eautor
245 1 0 _a¿Por qué hacerlo solo? parte I
_c/ Eduardo M. Ramírez
300 _aVolumen 10. Número 4 (1993), páginas 18-21
_c: 27 cm.
520 _aAl hablar del trabajo entre los jóvenes parecería natural el pensar en hacerlo entre varios, Si bien siempre están quienes "monopolizan" la dirección y el planeamiento de las actividades juveniles, otros lo comparten todo.
653 _aTrabajo en equipo
773 0 _tApuntes Pastorales
_049442
_960148
_g Volumen 10. Número 4 (1993), páginas 18-21
_qPágina 18
942 _cANA
945 _aJTF-925
999 _c49767
_d49767